• 首页
  • 本馆介绍
  • 公告通知
  • 最新文献
  • 馆藏检索
  • 电子资源
  • 读者导购
  • 参考咨询
  • 我的图书馆
  • 登录
  • 详细信息显示
  • 放入我的书架
  • 预约/预借图书
  • 作者相关作品
  • 分类相关作品
  • 丛书相关作品
  • 出版社相关作品

书目信息

  • 表格格式
  • 工作单格式
  • 卡片格式
题名:
赤门谈史录
    
 
作者: 刘大年 著
分册:  
出版信息: 北京   人民出版社  1981.7
页数: 174页页
开本: 20cm
丛书名:
单 册:
中图分类: K251.07
科图分类:
主题词: 中国--历史--1840~1949
电子资源:
ISBN:
000 00565nam0 2200193 45
001 0312221749
005 20031222171238.4
010    @dCNY0.68
100    @a20031222d1981 km y0chiy0120 ea
101    @achi
105    @a z 000yy
200 1  @a赤门谈史录@AChi Men Tan Shi Lu@f刘大年著@FLiu Da Nian Zhu@e论辛亥革命的性质
210    @a北京@c人民出版社@d1981.7
215    @a174页页@c附图:地@d20cm
606 0  @a中国@x历史@z1840~1949
690    @aK251.07@v3
701 0  @a刘大年@4著
801    @aCN@bTSTCL@c20031222
905    @a213230@dK251.07@e6@b219316-318@f3
    
    赤门谈史录/刘大年著:论辛亥革命的性质.-北京:人民出版社,1981.7
    174页页:附图:地;20cm
    
    
    ISBN :CNY0.68
    
●
相关链接 在E读中查询图书 在五车中查询图书 在当当中查询图书 在豆瓣中查询图书


正题名:赤门谈史录     索取号:K251.07/6         预约/预借

序号 登录号 条形码 馆藏地/架位号 状态 备注
1 0219316   001812596   密集书库/ [索取号:K251.07/6] 在馆    
2 0219317   001812603   密集书库/ [索取号:K251.07/6] 在馆    
3 0219318   001812569   第二样本阅览室/ [索取号:K251.07/6] 在馆    
唐山师范学院图书馆 欢迎您!
大连网信软件有限公司© 版权所有